000 00275nam a2200121Ia 4500
008 190216s9999||||xx |||||||||||||| ||und||
100 _aDe Kock M H
245 0 _aCentral Banking
260 _bLondon Staples Press
_c1969
300 _a336p
650 _aEconomics
942 _cBK
999 _c9213
_d9213